MDQL
is popping MORE tags! Check the
thread
!
Quizzes
Events
Quiz Creation
Community
Videos
Private Events
Remove Ads
Sign In
Join for FREE
Feedback
Dark Mode
Quiz Categories
Sports
Geography
Music
Movies
Television
Just For Fun
Miscellaneous
History
Literature
Language
Science
Gaming
Entertainment
Religion
Holiday
For Kids
Quiz Lab
Recent
Popular Today
Quiz Kudos Today
Editor Picks
Curator Picks
Quizzes by...
Day
Popularity
Type
Ratings
Length
Year
Community
Subscriptions
Recent Discussions
Orange Saloon
Badges
Playlists
Quests
Create
Leaderboards
Showdown
Live 5
Trivia Bingo
Activity
Puzzle Library
Sporcle Events
Private Events
Virtual Trivia
Globe League
Become a Host
Pub Owners
SporcleCon
Opinionation
Our Games
Videos
Blog
Mobile Apps
Partnerships
Remove Ads and Go Orange
Feedback
Television
TV Characters
TV Show
Sitcom
Network
Friends
Reality Shows
Cast
South Park
Star Trek
The Simpsons
Doctor Who
Television
TV Characters
TV Show
Sitcom
Network
Friends
Reality Shows
Cast
South Park
Star Trek
The Simpsons
Doctor Who
Random Quiz
Search Sporcle
×
Quiz Lab
Quiz Lab
Television
Show
Type in answers that appear in a list
Type in answers that appear in a list
Classic
Best Score? Go Orange.
Mad Men - 'The Carousel' Pitch Stats
Can you name the words to Don Draper's speech about Kodak's Carousel from Season 1?
By
esvadude
7m
180 Questions
338 Plays
338 Plays
338 Plays
Comments
Comments
Give Quiz Kudos
Give Quiz Kudos
-
- Ratings
hide this ad
Replay
Link that replays current quiz
Next Quiz
Link to next quiz in quiz playlist
You Got
0%
They Got
Avg Score
56%
Avg Friend Score
Upgrade to see
Score Distribution
Jump to the score distribution portion of the page
Score
0/180
Timer
07:00
0
Plays Today
Answer
% Correct
a
97.6%
a
97.6%
a
97.6%
a
97.6%
a
97.6%
a
97.6%
a
97.6%
a
97.6%
a
97.6%
a
97.6%
a
97.6%
a
97.6%
a
97.6%
I
96.2%
the
94.1%
the
94.1%
the
94.1%
the
94.1%
the
94.1%
the
94.1%
the
94.1%
the
94.1%
an
87.6%
an
87.6%
it
86.1%
It
86.1%
It
86.1%
We
84.3%
we
84.3%
we
84.3%
we
84.3%
to
83.1%
to
83.1%
to
83.1%
carousel.
82%
me
81.7%
me
81.7%
And
80.8%
and
80.8%
and
80.8%
and
80.8%
in
77.2%
in
77.2%
in
77.2%
in
77.2%
in
77.2%
is
76.3%
is
76.3%
You
76%
go
75.7%
where
73.7%
where
73.7%
place
73.4%
not
73.4%
place
73.4%
It's
72.8%
It's
72.8%
it's
72.8%
It's
72.8%
it's
72.8%
Answer
% Correct
back
72.2%
nostalgia
67.8%
nostalgia
67.8%
wheel;
67.8%
are
67.8%
time
66.3%
that
64.5%
us
64.2%
us
64.2%
know
63.3%
from
62.7%
Greek,
62.4%
Greek
62.4%
be
62.1%
old
61.8%
old
61.8%
again.
61.2%
again
61.2%
loved.
59.5%
when
59.2%
on
58.9%
this
58%
This
58%
pain
56.8%
takes
55.9%
means
55%
around
55%
but
54.7%
but
54.7%
of
54.4%
home
54.4%
your
53.8%
your
53.8%
wound.
53.6%
child
53.3%
called
52.4%
called
52.4%
there
51.5%
can
51.2%
My
50.6%
was
50.6%
told
50.6%
told
50.6%
round
50.3%
machine.
47.9%
memory
47.6%
Teddy.
45.6%
Teddy
45.6%
Teddy
45.6%
literally
44.7%
way
44.7%
isn't
44.1%
goes
44.1%
at
43.2%
fur
42.9%
ache
42.3%
with
42%
with
42%
pro
42%
with
42%
Answer
% Correct
heart
42%
as
41.7%
they
41.4%
have
41.1%
than
40.8%
advertising
40.2%
new;
40.2%
if
39.1%
travel
39.1%
lets
38.5%
more
37.9%
first
37.6%
named
37.6%
travels,
36.1%
most
35.8%
forwards;
35.8%
job,
35.2%
potent.
35.2%
backwards
35.2%
company
34.9%
Well,
34.6%
technology
33.4%
product.
33.4%
product
33.4%
product:
33.4%
twinge
33.4%
house
32.8%
copywriter,
32.2%
important
32%
spaceship,
30.8%
powerful
30.5%
idea
30.2%
delicate,
29.3%
itch.
28.1%
put
27.8%
alone.
27.8%
device
27.8%
glittering
27.5%
there's
26.9%
lure,
26.3%
lotion.
26%
bond
25.7%
bond
25.7%
creates
25.4%
kind
25.4%
simply
24.9%
about
24.6%
far
24.3%
public
24%
calamine
23.7%
deeper
23.7%
level
23.4%
engaged
23.1%
rare
22.8%
occasion
22.8%
beyond
22.5%
flash,
21.9%
sentimental
19.5%
also
18%
talked
16.3%
Quiz Playlist
Details
Report
Send in Message
Add To Playlist
Classic:
Type in answers that appear in a list
Quiz Source
Last Updated: Feb 16, 2017
Quiz Scoreboard
CHALLENGE
Sign Up to Join the Scoreboard
Show All
Scores
Hide
Comments
May contain spoilers
Recently Published
Image Sorting: Flags VI
by Barbecue
Geography
2m
Find the 'City' Movie
by crazypaving
Movies
60s
Colored Red Africa Blitz
by spor1
Geography
45s
More to Explore
Quiz From the Vault
Featured Blog Post
14 Easter Pick-up Lines to Find Eggs With
hide this ad
You Might Also Like...
Tags
Show Quiz
dialogue
don
mad
Mad Men
men
pitch
season
Season 1
speech
Today's Top Quizzes in Television
Browse Television
hide this ad
Today's Top Quizzes in Show
Browse Show
Top Contributed Quizzes in Television
1
Survivor Journey Challenge
2
Brooklyn Nine Nine Logic Puzzle (How-To-Play)
3
Total Drama Characters
4
Phoebe Buffay Quotes
5
Survivor Heroes vs. Villains Logic Puzzle
6
Adjectives in 00s TV Shows
7
Survivor Trivia
8
Game of Thrones: Tywin Lannister Start to Finish
9
Emmerdale Characters (from August 2012)
10
Survivor Logic Puzzle: Heroes vs. Villains
Explore More
Trending Topics
Anime
NBA
Disney
Marvel
Crossword
Harry Potter
Kpop
Soccer
Puzzle
Country
Song
Pokémon
WWE
The Office
NFL
hide this ad
More By:
esvadude
Quiz
Plays
Rating
Category
Featured
Created
'Take Me Home, Country Roads' Lyrics
110,780
4.76
Music
Jul 6, 2011
American Civil War Sorting Gallery
31,571
4.54
History
May 24, 2016
Word Ladder: Visit to the Library
26,815
4.26
Just For Fun
Jul 7, 2013
Word Ladder: Cold As Ice
26,412
3.68
Just For Fun
Aug 13, 2013
Word Ladder: How To Make A Good Old-Fashioned
18,281
4.36
Just For Fun
Jun 21, 2014
Go to Creator's Profile
Score Distribution
Quiz Creator Spotlight
esvadude
Follow
Send a Message
Quizzes Created
-
Created Quiz Play Count
-
More By This Creator
Popular Quizzes Today
1
Colored Red Africa Blitz
2
Find the US States - No Outlines Minefield
3
Find the 'City' Movie
4
5x2 Blitz: Bands
5
The Countries of the World
6
Find the US States
7
Find the Countries of Europe - No Outlines Minefield
8
US States
More Television Quizzes
Find the American Idol Runner-Ups
Quiz Lab
Trending Quizzes
Colored Red Europe Blitz I
Colored Red Europe Blitz II
Colored Red Africa Blitz II
Colored Red Europe Blitz III
Colored Red Africa Blitz III
Recently Updated
How Do You Spell That?
pecheneg
Godzilla Movies
pecheneg
Grab Bag: 4-10 Letters
pecheneg
2024 March Madness Bracket
pecheneg
Famous TV Couples
Peacemaker
Champions League XIs: Real Madrid
pecheneg
Largest US Cities 1790-2010
pecheneg
Rides in Walt Disney World
pecheneg
Most Oscar Losses (Acting)
pecheneg
Beyoncé Albums
pecheneg
Trending Topics
Harry Potter
NBA
Kpop
Anime
Disney
Marvel
Crossword
Song
Puzzle
Pokémon
Country
NFL
WWE
Soccer
The Office
Your Account Isn't Verified!
In order to create a playlist on Sporcle, you need to verify the email address you used during registration. Go to your
Sporcle Settings
to finish the process.
Report this User
Report this user for behavior that violates our
Community Guidelines
.
Details:
Send Report
Go to the Sporcle.com Mobile Site →
Comments